000 01012nam a2200301 i 4500
001 000027598
003 DO-SdBNP
005 20260321073641.0
007 ta
008 110401s1991 dr 000 0 spa d
040 _aDO-SdBNP
_bspa
_cBNPHU
_erda
041 _aspa
082 4 _a972.9304
_bB742g 1991
_222
100 1 _a Bosch, Juan,
_d1909-2001
_eautor
_4aut.
_976555
245 1 3 _aLa guerra de la restauración /
_cJuan Bosch.
246 2 3 _aLa guerra de la restauración y la revolución de abril
250 _aSéptima edición
264 _aSanto Domingo, República Dominicana :
_bEditora Corripio,
_c1991.
300 _a261 páginas ;
_c21 cm.
336 _atexto
_btxt
_2rdacontent
337 _ardamedia
_bsin mediación
_2n
338 _ardacarrier
_bvolumen
_2nc
590 _aInventariado, 2022/BT
651 4 _aRepública Dominicana
_xHistoria
_9170
651 4 _aRepública Dominicana
_xRestauración,
_y1863-1865
_92166
910 _aValidado. Control de calidad BNPHU
942 _2ddc
_cLBS1
999 _c27090
_d27090